Những suy nghĩ mới những tiếp cận mới về ngữ văn

Tallennettuna:
Bibliografiset tiedot
Päätekijä: Lê Chí Dũng
Aineistotyyppi: Kirja
Julkaistu: H. Khoa học xã hội 2007
Aiheet:
Tagit: Lisää tagi
Ei tageja, Lisää ensimmäinen tagi!
Thư viện lưu trữ: Trung tâm Học liệu Lê Vũ Hùng, Trường Đại học Đồng Tháp
LEADER 00829pam a22002418a 4500
001 00018660
005 20171026081022.0
008 110428s2007 ||||||Viesd
041 0 # |a Vie 
082 1 4 |a 895.922 09  |b NH556S 
100 0 # |a Lê Chí Dũng 
245 0 0 |a Những suy nghĩ mới những tiếp cận mới về ngữ văn  |c Lê Chí Dũng 
260 # # |a H.  |b Khoa học xã hội  |c 2007 
300 # # |a 446 tr.  |c 21 cm. 
650 |a Lí luận văn học 
650 |a Phê bình văn học 
650 |a Nghiên cứu văn học 
653 # # |a Việt Nam 
852 # # |b Kho mượn  |j KM.0005177 
852 # # |j KD.0004196  |j KM.0005177 
852 # # |b Kho đọc  |j KD.0004196 
910 |d 28/04/2011 
980 # # |a Trung tâm Học liệu Lê Vũ Hùng, Trường Đại học Đồng Tháp